Presidents 17-32 of the US. - Statistics

General Stats
  • This quiz has been taken 58 times
  • The average score is 15 of 16
Answer Stats
Hint Answer % Correct
1881-1885 Chester A. Arthur
100%
1881-1881 James A. Garfield
100%
1901-1909 Theodore Roosevelt
100%
1869-1877 Ulysses S. Grant
100%
1865-1869 Andrew Johnson
91%
1889-1893 Benjamin Harrison
91%
1923-1929 Calvin Coolidge
91%
1933-1945 Franklin D. Roosevelt
91%
1885-1889 Grover Cleveland
91%
1893-1897 Grover Cleveland
91%
1929-1933 Herbert Hoover
91%
1877-1881 Rutherford B. Hayes
91%
1921-1923 Warren G. Harding
91%
1909-1913 William Howard Taft
91%
1913-1921 Woodrow Wilson
91%
1897-1901 William McKinley
73%
No matching quizzes found
Score Distribution
Percent of People with Each Score
Percentile by Number Answered
Your Score History
You have not taken this quiz